00413nam a2200157Ia 45000010006000000050017000060080041000230410008000640820015000721000050000872450065001372600009002023000028002116500008002396540008002472073420260306172827.0260306t2001||||xx |||||||||||||| ||spa|| aESP a343.7bU61 aUniversidad Nacional Federico VillarrealeAUT 0aLey del procedimiento administrativo general:bley N° 27444 c2001 a117 páginas :c21 cm. aGEN aCDE